[Event "Thessaloniki-Chalkidiki-chT"]
[Site "Thessaloniki"]
[Date "2022.04.02"]
[Round "7"]
[White "Sidiropoulos, Georgios"]
[Black "Apostolou, Ioannis"]
[Result "1-0"]
[WhiteElo "1167"]
[BlackElo "1552"]
[PlyCount "53"]
[EventDate "2022.02.20"]
[EventType "team-tourn"]
[EventRounds "7"]
[EventCountry "GRE"]
[SourceTitle "EXT 2024"]
[Source "ChessBase"]
[SourceDate "2023.10.10"]
[SourceVersion "1"]
[SourceVersionDate "2023.10.10"]
[SourceQuality "1"]

1. e4 c5 2. Nf3 d6 3. c3 Nf6 4. Bb5+ Bd7 5. Bxd7+ Nbxd7 6. d3 g6 7. Nbd2 Bg7 8. Nc4 b5 9. Ne3 0-0 10. 0-0 a5 11. Qc2 e6 12. Bd2 Qc7 13. a4 bxa4 14. Rxa4 Nb6 15. Raa1 Rfb8 16. c4 Nbd7 17. Bc3 Rb7 18. Nd2 Qb8 19. f4 h5 20. f5 Ne5 21. Nf3 Nfg4 22. Nxg4 Nxg4 23. Bxg7 Kxg7 24. Qc3+ e5 25. fxg6 fxg6 26. Ng5 Qd8 27. Ne6+ 1-0

[Event "Thessaloniki Triandria op 5th"]
[Site "Thessaloniki"]
[Date "2012.04.18"]
[Round "2"]
[White "Halkias, Nikolaos"]
[Black "Sidiropoulos, Georgios"]
[Result "1-0"]
[WhiteElo "1699"]
[BlackElo "1000"]
[PlyCount "68"]
[EventDate "2012.04.17"]
[EventType "swiss"]
[EventRounds "7"]
[EventCountry "GRE"]
[SourceTitle "EXT 2014"]
[Source "ChessBase"]
[SourceDate "2013.11.20"]
[SourceVersion "1"]
[SourceVersionDate "2013.11.20"]
[SourceQuality "1"]

1. d4 d5 2. c4 Nf6 3. cxd5 Nxd5 4. Nf3 Bf5 5. Qb3 b6 6. e3 a6 7. a4 e6 8. Bc4 Be4 9. Nbd2 Bb4 10. 0-0 Bxd2 11. Nxd2 Bg6 12. Nf3 0-0 13. Ne5 Bf5 14. f3 Ne7 15. Rd1 c6 16. e4 Bg6 17. Bg5 Qc7 18. Rac1 c5 19. Bxe7 Qxe7 20. Qxb6 Nd7 21. Nxd7 Qxd7 22. dxc5 Qxa4 23. b3 Qe8 24. Bxa6 f5 25. e5 f4 26. c6 Bf5 27. c7 Qh5 28. c8Q Qf7 29. Qd7 Rae8 30. Qxf7+ Rxf7 31. Rd8 Ref8 32. Rxf8+ Rxf8 33. Rc8 h6 34. Rxf8+ Kxf8 1-0

[Event "Thessaloniki Triandria op 5th"]
[Site "Thessaloniki"]
[Date "2012.04.17"]
[Round "1"]
[White "Sidiropoulos, Georgios"]
[Black "Nikolakis, Nikolaos"]
[Result "1-0"]
[WhiteElo "1000"]
[BlackElo "1594"]
[PlyCount "83"]
[EventDate "2012.04.17"]
[EventType "swiss"]
[EventRounds "7"]
[EventCountry "GRE"]
[SourceTitle "EXT 2014"]
[Source "ChessBase"]
[SourceDate "2013.11.20"]
[SourceVersion "1"]
[SourceVersionDate "2013.11.20"]
[SourceQuality "1"]

1. e4 e6 2. d4 d5 3. e5 c5 4. c3 Nc6 5. Bb5 a6 6. Bxc6+ bxc6 7. Nf3 cxd4 8. cxd4 Bb4+ 9. Nc3 Qa5 10. Bd2 Bxc3 11. bxc3 Rb8 12. 0-0 Ne7 13. Qc2 0-0 14. Ng5 Ng6 15. h4 h6 16. h5 hxg5 17. hxg6 f6 18. f4 f5 19. Qd3 g4 20. Qg3 Re8 21. Qh4 Kf8 22. Qh8+ Ke7 23. Qxg7+ Kd8 24. Qf6+ Kc7 25. Qf7+ Bd7 26. g7 Qa3 27. Rfc1 Qe7 28. Qf6 Kd8 29. c4 Rg8 30. Ba5+ Ke8 31. Rab1 Rxb1 32. Rxb1 Qxf6 33. exf6 Bc8 34. Bb4 a5 35. Be7 Kf7 36. cxd5 exd5 37. Rb6 Bd7 38. Ra6 a4 39. Rxa4 Rb8 40. Ra7 g3 41. Kf1 Be6 42. Bd6+ 1-0